000 00455pab a2200145 454500
008 180718b1998 xxu||||| |||| 00| 0 eng d
100 _aHall, Thomas D.
245 _aThe effects of incorporation into world systems on ethnic processes: lessons from the ancient world for the contemporary world
260 _c1998
300 _ap.251-67
362 _aJul
650 _aEthnic groups
773 _aInternational Political Science Review
909 _a38421
999 _c38421
_d38421